000 01236nam a2200373Ia 4500
001 dia_6445
003 CHAP
008 220117s2015 xx 000 0 und d
010 _a177568
020 _a978-607-7900-17-7
040 _cCHAP
090 _aF 2890 2015
245 _aCalidad de cebolla producida en el estado de Chihuahua almacenada en atmósferas controladas : folleto para productores /
_c Celia Chávez Mendoza...[et al.]
260 _aMéxico :
_b CIAD,
_c2015
300 _a44 p.
503 _aD.
504 _aBibliografía: p. 43-44
650 _aAlmacenamiento bajo atmósfera controlada
_9149233
650 _aCebollas
_xCalidad
_9161547
650 _aCebollas
_xPreservación
_9161502
650 _aControlled atmosphere storage
_9149235
650 _aOnions
_xPreservation
_9161503
650 _aOnions
_xQuality
_9161548
650 _aProtective atmospheres
_9161504
650 _aStorage technology
_9153425
650 _aTecnología de almacenamiento
_9153427
700 _aChávez Mendoza, Celia, coaut.
_9161449
901 _aF 2890 2015
902 _aM
905 _a5232272015 mx dmn 8222223322spa16
942 _c12
942 _c12
999 _c177568
_d177568